The World's 10 Most Mountainous Countries - Statistics

General Stats
  • This quiz has been taken 39 times
  • The average score is 6 of 10
Answer Stats
% Mountains Country % Correct
80.7% Nepal
92%
98.8% Bhutan
86%
83.6% Switzerland
84%
91.9% Tajikistan
70%
90.7% Kyrgyzstan
68%
85.9% Armenia
57%
90.5% Lesotho
35%
89.3% Montenegro
27%
85.5% North Macedonia
19%
81.1% Lebanon
16%
No matching quizzes found
Score Distribution
Percent of People with Each Score
Percentile by Number Answered
Your Score History
You have not taken this quiz